000 00590nam a2200229Ia 4500
003 OSt
005 20220924141225.0
006 a|||||r|||| 00| 0
007 ta
008 220923b |||||||| |||| 00| 0 ben d
024 _a297597
037 _cTextual
040 _aARTS
_cARTS
_bben
041 _2ben
_aben
082 _aO157,3NRA3,1, M2
100 _aHaydar Rashid
_9212005
245 0 _aNashta jochanaya a kona arannya
260 _c1982
650 _aBENGALI LITERATURE
942 _hO157,3NRA3,1, M2
_cTEXL
_2CC
999 _c446636
_d446636